00657nam a2200181 u 450000100100000000500170001000800410002704000130006808200240008111000280010524000190013324500770015226000550022930000200028450000930030465100490039771000290044600000336920200929150426.0090707s1966 dr r 000 0 spa d aDO-SdBNP a342.02bR426c, 19661 aRepública Dominicana.10aConstitución10aConstitución de la República Dominicana del 28 de noviembre de 1966. aSanto Domingo :b[s.n],c1966.fImpresora Corporan a64 p. ;c22 cm. aConstitución publicada en la Gaceta Oficial número 9014 del 29 de noviembre de 1966. 4aRepública DominicanaxConstitucióny19662 aGrupo Financiero Popular